| 000 | 00689nam a2200193 i 4500 | ||
|---|---|---|---|
| 001 | 41720 | ||
| 003 | ES-MaACL | ||
| 005 | 20230906160500.0 | ||
| 007 | t| | ||
| 008 | 030311s1965 sp ||||1| spa d | ||
| 100 | 1 |
_aCasanovas, José. _936125 |
|
| 245 | 1 | 3 |
_aLa función visual normal y patológica en relación con el arte de la pintura / _cdiscurso de José Casanovas, discurso de contestación de Arruga. |
| 260 |
_aBarcelona : _b[s.n., _c1965] |
||
| 300 |
_a62 p. ; _c24 cm. |
||
| 500 | _aPrecede al tít.: Real Academia de Medicina de Barcelona. | ||
| 700 | 1 |
_aArruga, H. _923397 |
|
| 710 | 2 |
_aReal Academia de Medicina de Barcelona. _96324 |
|
| 852 |
_aES-MaACL _jC-28579 _bR.58066 |
||
| 999 |
_c41720 _d41720 |
||